| 000 | 00422nam a2200133Ia 4500 | ||
|---|---|---|---|
| 008 | 231221s9999 xx 000 0 und d | ||
| 020 | _a978-1-4419-1750-8 | ||
| 041 | _aEnglish | ||
| 100 | _aReza N. Jazar | ||
| 245 | 0 | _aTheory of Applied Robotics | |
| 260 |
_c2010 _bSpringer New York _aNew York |
||
| 650 | _aVibration, Dynamical Systems, Control; Control, Robotics, Mechatronics; Systems Theory, Control | ||
| 942 | _cEB | ||
| 999 |
_c226418 _d226418 |
||